| 000 | 00563 a2200109 4500 | ||
|---|---|---|---|
| 001 | ART_63629 | ||
| 005 | 20260410161816.0 | ||
| 008 | 260409a | ||
| 245 | 1 | 0 | _aDefensa de la universidad pública y notas sobre la enseñanza del derecho (penal), la academia, el legislador, la jurisprudencia y la "ciencia" del derecho penal. Discurso de agradecimiento por el nombramiento como profesor honorario de la universidad de buenos aires |
| 100 | 1 | _aDíaz y García Conlledo, Miguel | |
| 773 | 0 |
_tAcademia _g- Año 22, N° 43 (ene./jun. 2024) _wREV4314 |
|
| 999 |
_c21923 _d21923 |
||